The little drummer boy / (Record no. 3192)

MARC details
000 -LEADER
fixed length control field 00876nam a22002537a 4500
001 - CONTROL NUMBER
control field 3192
003 - CONTROL NUMBER IDENTIFIER
control field FISKH
005 - DATE AND TIME OF LATEST TRANSACTION
control field 20240216132751.0
008 - FIXED-LENGTH DATA ELEMENTS--GENERAL INFORMATION
fixed length control field 240216b cb ||||| |||| 00| 0 eng d
020 ## - INTERNATIONAL STANDARD BOOK NUMBER
International Standard Book Number 0689711581
040 ## - CATALOGING SOURCE
Original cataloging agency FISKH
Language of cataloging eng
Transcribing agency FISKH
Modifying agency FISKH
100 ## - MAIN ENTRY--PERSONAL NAME
Personal name Keats, Ezra Jack
245 ## - TITLE STATEMENT
Title The little drummer boy /
Statement of responsibility, etc. by Keats , Ezra Jack
250 ## - EDITION STATEMENT
Edition statement First Aladdin Books edition 1987
260 ## - PUBLICATION, DISTRIBUTION, ETC.
Place of publication, distribution, etc. New York :
Name of publisher, distributor, etc. Macmillan Publishing Company ,
Date of publication, distribution, etc. 1968
300 ## - PHYSICAL DESCRIPTION
Extent 29 unnumbered pages :
Other physical details color illustrations ;
Dimensions 18 cm .
505 ## - FORMATTED CONTENTS NOTE
Formatted contents note E <br/>
520 ## - SUMMARY, ETC.
Summary, etc. An illustrated version of the Christmas carol about the procession to Bethlehem and the offer of a poor boy to play his drum for the Christ Child.
521 8# - TARGET AUDIENCE NOTE
Target audience note 250 <br/>
Source Lexile <br/>
521 8# - TARGET AUDIENCE NOTE
Target audience note E <br/>
Source Raz-Plus <br/>
650 ## - SUBJECT ADDED ENTRY--TOPICAL TERM
Topical term or geographic name entry element carol
Form subdivision fiction
700 ## - ADDED ENTRY--PERSONAL NAME
Personal name Onorati, Henry
Relator term illustrator
942 ## - ADDED ENTRY ELEMENTS (KOHA)
Source of classification or shelving scheme Dewey Decimal Classification
Koha item type Books
Suppress in OPAC No
Holdings
Withdrawn status Lost status Source of classification or shelving scheme Damaged status Not for loan Collection Home library Current library Shelving location Date acquired Total Checkouts Full call number Barcode Date last seen Date last checked out Copy number Price effective from Koha item type
    Dewey Decimal Classification     Juvenile Fiction Footprints International School Library Network Toul Kork Campus Footprints International School Library Network Toul Kork Campus TK Primary Library Room(4th Floor), Bookcase 7, Shelves 57-60, Dark Green Books 02/16/2024   KEA 782.421723 PZ8.K227 FISBK057041 08/21/2025   2 08/21/2025 Books
    Dewey Decimal Classification     Juvenile Fiction Footprints International School Library Network Toul Tom Poung Campus Footprints International School Library Network Toul Tom Poung Campus TTP Primary Green Bookshelves 02/16/2024 1 KEA 782.421723 PZ8.K227 FISBK01101 03/04/2024 02/19/2024 1 02/16/2024 Books